Loading...
| Philosophy | 0 | 6 | 0 | 1 | 60 | 78 | 106.50 | 1 | 5 | 0.00 | 0.00 |
| Fine Arts - Painting & Sculpture | 0 | 6 | 2 | 0 | 50 | 37 | 85.83 | 2 | 4 | 0.00 | 0.00 |
| Science - Biology | 0 | 4 | 0 | 0 | 40 | 104 | 117.75 | 0 | 1 | 0.00 | 0.00 |
| Fine Arts - Classical Music | 0 | 4 | 1 | 2 | 35 | 123 | 130.25 | 0 | 3 | 0.00 | 0.00 |
| Other | 0 | 3 | 0 | 0 | 30 | 80 | 106.00 | 0 | 1 | 0.00 | 0.00 |
| History - Other | 0 | 3 | 0 | 0 | 30 | 97 | 104.33 | 1 | 2 | 0.00 | 0.00 |
| Science - Physics | 0 | 3 | 1 | 1 | 25 | 108 | 120.33 | 0 | 3 | 0.00 | 0.00 |
| Literature - World | 0 | 2 | 0 | 0 | 20 | 53 | 72.00 | 1 | 1 | 0.00 | 0.00 |
| History - European | 0 | 2 | 0 | 1 | 20 | 121 | 124.00 | 0 | 0 | 0.00 | 0.00 |
| Religion | 0 | 2 | 0 | 0 | 20 | 61 | 72.50 | 2 | 2 | 0.00 | 0.00 |
| Science - Chemistry | 0 | 2 | 0 | 0 | 20 | 108 | 117.00 | 0 | 1 | 0.00 | 0.00 |
| History - World | 0 | 2 | 1 | 0 | 15 | 116 | 120.50 | 0 | 0 | 0.00 | 0.00 |
| Fine Arts - Other | 0 | 2 | 1 | 0 | 15 | 92 | 108.50 | 0 | 2 | 0.00 | 0.00 |
| History - American | 0 | 1 | 0 | 0 | 10 | 109 | 109.00 | 0 | 1 | 0.00 | 0.00 |
| Social Science | 0 | 1 | 0 | 0 | 10 | 119 | 119.00 | 0 | 1 | 0.00 | 0.00 |
| Science - Other | 0 | 2 | 2 | 0 | 10 | 134 | 134.50 | 0 | 1 | 0.00 | 0.00 |
| Literature - European | 0 | 1 | 0 | 0 | 10 | 119 | 119.00 | 0 | 0 | 0.00 | 0.00 |
| Literature - American | 0 | 1 | 0 | 0 | 10 | 42 | 42.00 | 1 | 1 | 0.00 | 0.00 |